Sistema programmirovanija obučajuščich kurzov

Guardado en:
Detalles Bibliográficos
Formato: Libro
Lenguaje:ruso
Publicado: Kijev Višča škola 1983
Etiquetas: Agregar Etiqueta
Sin Etiquetas, Sea el primero en etiquetar este registro!

MARC

LEADER 00000nam a2200000 4500
001 c112736
005 20150325105500.0
041 0 |a rus 
044 |a UA 
245 1 0 |a Sistema programmirovanija obučajuščich kurzov 
264 1 |a Kijev  |b Višča škola  |c 1983 
300 |a 239 s.